| 000 | 01159nam a2200301 c 4500 | ||
|---|---|---|---|
| 003 | BLK | ||
| 005 | 20180420220156.0 | ||
| 008 | 180407b bul|||||r ||||||| ||bul|| | ||
| 010 | _aKNG00030291000 | ||
| 040 | _aBLK | ||
| 041 |
_aBUL _cBUL |
||
| 080 |
_aБългарска литература _b821.163.2 _x-311.6 _z821.163.2-311.6 |
||
| 100 | 1 |
_aБахчеванов, Светлозар Петров _eпърви автор _9269417 |
|
| 139 |
_aБахчеванов, Светлозар Петров _bБ 30 |
||
| 245 | 1 | 0 |
_aПроектът Нева _bКн. 1 - _cСветлозар Петров Бахчеванов. _nКн. 3 _pDeus ex machina |
| 257 | _aBGR | ||
| 260 |
_аСофия _bВадис 2000 _c2000 - _fСофия : Инвестпрес АД |
||
| 300 | _c20 см | ||
| 380 | _aX | ||
| 490 | 1 | _aХХ век. Тайната на документа | |
| 500 | _aОфс. изд. | ||
| 760 | 1 |
_aБахчеванов, Светлозар Петров _d2001 _h160 с. _tКн. 3 Deus ex machina |
|
| 852 | _aЦб 203144 | ||
| 856 | 4 |
_qpdf _u |
|
| 856 | 4 |
_qpdf _u |
|
| 942 |
_cKNG _n0 |
||
| 944 |
_aCR _c20.02.2003 _kГеновева_Генчева |
||
| 944 |
_aED _c29.02.2008 _k |
||
| 999 |
_c27707 _d27707 |
||